书目信息 |
| 题名: |
建筑创作中的节能设计
|
|
| 作者: | 刘加平 , 谭良斌 , 何泉 著 | |
| 分册: | ||
| 出版信息: | 北京 中国建筑工业出版社 2009.03 |
|
| 页数: | 202页 | |
| 开本: | 26cm | |
| 丛书名: | ||
| 单 册: | ||
| 中图分类: | TU201.5 | |
| 科图分类: | ||
| 主题词: | 节能--jie neng--建筑设计 | |
| 电子资源: | ||
| ISBN: | 978-7-112-10771-1 | |
| 000 | 00919nam0 2200265 450 | |
| 001 | 012009654270 | |
| 005 | 20091015142241.59 | |
| 010 | @a978-7-112-10771-1@dCNY32.00 | |
| 100 | @a20091015d2009 em y0chiy0120 ea | |
| 101 | 0 | @achi |
| 102 | @aCN@b110000 | |
| 105 | @aa z 000yy | |
| 106 | @ar | |
| 200 | 1 | @a建筑创作中的节能设计@Ajian zhu chuang zuo zhong de jie neng she ji@f刘加平, 谭良斌, 何泉著@Fliu jia ping,tan liang bin,he quan zhu |
| 210 | @a北京@c中国建筑工业出版社@d2009.03 | |
| 215 | @a202页@c图@d26cm | |
| 320 | @a有书目 (第201-202页) | |
| 330 | @a本书分别对场地设计、体型与空间设计、围护结构设计过程中的节能方法进行了介绍,并介绍了节能的构造设计。 | |
| 606 | 0 | @a节能@Ajie neng@x建筑设计 |
| 690 | @aTU201.5@v4 | |
| 701 | 0 | @a刘加平@Aliu jia ping@4著 |
| 701 | 0 | @a谭良斌@Atan liang bin@4著 |
| 701 | 0 | @a何泉@Ahe quan@4著 |
| 801 | 0 | @aCN@bQSSK@c20091015 |
| 905 | @b761995-99@dTU201.5@eL634@f5 | |
| 建筑创作中的节能设计/刘加平, 谭良斌, 何泉著.-北京:中国建筑工业出版社,2009.03 |
| 202页:图;26cm |
| ISBN 978-7-112-10771-1:CNY32.00 |
| 本书分别对场地设计、体型与空间设计、围护结构设计过程中的节能方法进行了介绍,并介绍了节能的构造设计。 |
| ● |
| 相关链接 |
|
|
|
正题名:建筑创作中的节能设计
索取号:TU201.5/L634
 
预约/预借
| 序号 | 登录号 | 条形码 | 馆藏地/架位号 | 状态 | 备注 |
| 1 | 761995 | 207619950 | 建筑库101/101建筑库 37排4列2层/ [索取号:TU201.5/L634] | 在馆 | |
| 2 | 761996 | 207619969 | 建筑库101/101建筑库 37排4列2层/ [索取号:TU201.5/L634] | 在馆 | |
| 3 | 761997 | 207619978 | 建筑库101/101建筑库 37排4列2层/ [索取号:TU201.5/L634] | 在馆 | |
| 4 | 761998 | 207619987 | 建筑库101/101建筑库 37排4列2层/ [索取号:TU201.5/L634] | 在馆 | |
| 5 | 761999 | 207619996 | 建筑库101/101建筑库 37排4列2层/ [索取号:TU201.5/L634] | 在馆 |